Opúsculos varios de J. T. Medina. Reunidos y editados por Juan Borchert

Uloženo v:
Podrobná bibliografie
Hlavní autor: Medina, José Toribio (autor)
Další autoři: Borchert, Juan (Editor)
Médium: Kniha
Jazyk:španělština
Vydáno: Santiago Imprenta El Globo 1926
Vydání:1a. ed
Témata:
Tagy: Přidat tag
Žádné tagy, Buďte první, kdo vytvoří štítek k tomuto záznamu!

MARC

LEADER 00000nam a2200000 a 4500
001 UCJ3783
003 CL-VaPUC
005 20240611111535.0
008 070124e19260000CL |||||||||||||||||spa|d
999 |c 319905  |d 319903 
040 |c Pontificia Universidad Católica de Valparaíso 
082 0 4 |a 983  |b MED  |2 21 
100 1 |a Medina, José Toribio  |e autor  |9 878004 
245 1 0 |a Opúsculos varios de J. T. Medina. Reunidos y editados por Juan Borchert 
246 1 0 |a Narrative of a visit to Brazil, Chile, Perú and the Sandwich Islands, during the years 1821 and 1822 
246 1 0 |a María. Apuntes para un juicio crítico 
246 1 3 |a La crónica de 1810, por D. Miguel Luis Amunátegui 
246 1 4 |a Una nueva edición francesa de La Araucana 
246 1 3 |a Un libro raro. Temblor de Lima de 1609, de Pedro de Oña 
246 1 0 |a Motivos para la fundación de una Sociedad Entomológica Chilena 
246 1 4 |a Los insectos enemigos en Chile 
246 1 3 |a El Piuchén 
246 1 0 |a De algunos nombres geográficos de Chile 
246 1 4 |a Los conchales de Las Cruces 
246 1 3 |a La momia de Chuquicamata 
246 1 4 |a Los restos indígenas de Pichilemu 
246 1 0 |a Numismática argentina 
246 1 4 |a Las medallas de la revolución de la independencia 
246 1 3 |a El escudo de armas de la ciudad de Santiago de Chile 
246 1 0 |a De los fósiles. A propósito del artículo 591 del Código Civil 
246 1 0 |a Visita a los Juzgados de Tarapacá 
246 1 3 |a El descubrimiento de Chile por los Frisios en el siglo XI 
246 1 3 |a El acta del cabildo abierto del 18 de septiembre de 1810 
246 1 0 |a Sobre el retrato de Diego de Almagro 
246 1 0 |a Primer viaje de exploración a la isla de Tenqueguén 
246 1 0 |a Santiago y Valparaíso ahora un siglo 
246 1 3 |a El vice almirante D. Patricio Lynch 
246 1 3 |a El preceptor de Ercilla. Juan Cristóbal Calvete de la Estrella 
246 1 0 |a Cuatro muertos ilustres 
246 1 0 |a Francisco Caro de Torres y su testamento 
246 1 0 |a Noticia biográfica de Fray Antonio Sors 
246 1 3 |a Un folleto de propaganda hasta ahora desconocido sobre la Revolución de la Independencia de Chile 
246 1 0 |a Carta a D. Narciso Binayán acerca del origen y fundación de la Junta de Historia y Numática, sic, Argentina. Junio de 1918 
246 1 4 |a Una traducción del Petrarca hecha en América en el siglo XVI 
250 |a 1a. ed 
260 |a Santiago  |b Imprenta El Globo  |c 1926 
300 |a v 
500 |a 8§.- Anteport.: (entre filetes) Opúsculos varios.- v.: (entre filetes) Tirada de 100 ejemplares.- Port.- v. en bl.- Dos palabras del autor.- Este ejemplar tiene adosado el original de una carta autógrafa de D. Juan Borchert U. dirigida a Dn. Eduardo B. Budge. Del texto de esta nota se desprende que Don Eduardo tenía especial interés en la obra del polígrafo 
583 |a last modification  |c 20070124 00:00:00  |k Rodrigo Vera 
600 0 7 |a ALMAGRO, DIEGO DE  |2 CL-VaPUC  |9 268479 
600 0 7 |a AMUNATEGUI, MIGUEL LUIS  |2 CL-VaPUC  |9 506140 
600 0 |a Oña, Pedro de,  |d 1570-1643  |9 316411 
600 0 |a Lynch, Patricio,  |d 1824-1886  |9 437748 
600 0 7 |a ERCILLA Y ZUÑIGA, ALONSO  |2 CL-VaPUC  |9 506141 
600 0 7 |a CALVETE DE LA ESTRELLA, JUAN CRISTOBAL  |2 CL-VaPUC  |9 506142 
600 0 7 |a Markham, Clements Robert,  |d 1830-1916  |9 862880 
600 0 7 |a ANDRADE, VICENTE P  |2 CL-VaPUC  |9 506143 
600 0 7 |a CASASUS, JOAQUIN DE  |2 CL-VaPUC  |9 506144 
600 0 7 |a PASO Y TRONCOSO, FRANCISCO DEL  |2 CL-VaPUC  |9 506145 
600 0 7 |a CARO DE TORRES, FRANCISCO  |2 CL-VaPUC  |9 506146 
600 0 7 |a SORS, ANTONIO  |2 CL-VaPUC  |9 506147 
600 0 7 |a SOBRECASAS, JUAN FRANCISCO DE  |2 CL-VaPUC  |9 506148 
600 0 7 |a BINAYAN, NARCISO  |2 CL-VaPUC  |9 506149 
600 0 7 |a Mathison, Gilbert Farquhar,  |d 1803-1854  |9 863814 
600 0 7 |a BUDGE BARNARD, EDUARDO B  |2 CL-VaPUC  |9 505135 
650 0 |a Crítica literaria   |9 269189 
650 0 |a Bibliografías   |9 257071 
650 7 |a POESIA EPICA CHILENA  |2 CL-VaPUC  |9 322601 
650 7 |a LIBROS RAROS  |2 CL-VaPUC  |9 321878 
650 0 |a Arqueología chilena  |9 458574 
650 7 |a PREHISTORIA CHILENA  |2 CL-VaPUC  |9 506116 
650 0 |a Numismática  |9 318332 
650 7 |a HERALDICA  |2 CL-VaPUC  |9 388228 
650 0 |a Independencia de Chile  |9 440305 
650 0 |a Guerra del Pacífico  |9 314886 
650 7 |a DOCUMENTOS HISTORICOS  |2 CL-VaPUC  |9 438868 
651 7 |a CHUQUICAMATA  |2 CL-VaPUC  |9 444767 
651 0 |a Santiago  |9 265444 
651 7 |a TARAPACA  |2 CL-VaPUC  |9 268304 
651 7 |a MAMIÑA  |2 CL-VaPUC  |9 330044 
651 7 |a CANCHONES  |2 CL-VaPUC  |9 506151 
651 0 |a Valparaíso, Chile  |9 261144 
700 |a Borchert, Juan   |e editor  |9 878005 
942 |c BK  |2 ddc 
945 |d 20070124 00:00:00  |a rinostro 
952 |0 0  |1 0  |4 0  |6 983_000000000000000_MED_1926  |7 0  |8 X  |9 398308  |a FDOBUD  |b FDOBUD  |d 2019-11-22  |h v.1  |i 100817K  |o 983 MED 1926  |p 100817K  |r 2019-11-22  |w 2019-11-22  |y BK_X  |k BUD